Towns with country names - Statistics

General Stats
  • This quiz has been taken 105 times
  • The average score is 33 of 46
Answer Stats
Town Population Country % Correct
Costa Rica 15,000 Mexico
89%
Mexico City 8,840,000 Mexico
89%
Angola 8,612 United States
87%
Belgium 2,245 United States
87%
Bolivia 143 United States
87%
Brazil 7,912 United States
87%
Cuba 3,356 United States
87%
Denmark 2,123 United States
87%
Finland 195 United States
87%
Greece 96,095 United States
87%
Grenada 13,092 United States
87%
Ireland N.A. United States
87%
Italy 1,863 United States
87%
Lebanon 25,477 United States
87%
Macedonia 11,188 United States
87%
Poland 2,555 United States
87%
Russia 640 United States
87%
Samoa 258 United States
87%
Sweden 391 United States
87%
Switzerland N.A. United States
87%
Syria N.A. United States
87%
Togo N.A. United States
87%
Vatican City 800 Vatican City
83%
Belize City 57,169 Belize
79%
Kuwait City 2,400,000 Kuwait
79%
Monaco 37,308 Monaco
78%
Singapore 5,612,300 Singapore
78%
Panama City 880,691 Panama
75%
Djibouti 219,000 Djibouti
74%
Guatemala City 2,110,100 Guatemala
74%
Andorra 8,065 Spain
74%
Montenegro de Cameros 99 Spain
74%
Luxembourg 116,323 Luxembourg
70%
San Marino 4,128 San Marino
69%
Palau 4,163 Italy
61%
Moldova Nouă 12,350 Romania
53%
Bhutan N.A. India
49%
Nauru N.A. India
49%
Benin City 1,147,188 Nigeria
49%
Armenia 292,008 Colombia
34%
Mali Lošinj 8,116 Croatia
33%
Gabon N.A. Poland
29%
Malta 2,024 Austria
24%
Kosovo N.A. Macedonia
22%
Liberia 56,899 Costa Rica
21%
Saint Lucia 1,104 South Africa
20%
No matching quizzes found
Score Distribution
Percent of People with Each Score
Percentile by Number Answered
Your Score History
You have not taken this quiz